| 000 | 00864nam0a22002651 4500 | ||
|---|---|---|---|
| 001 | rc\4599623 | ||
| 005 | 20260405063422.0 | ||
| 021 |
_aRU _b[59-73459] |
||
| 035 | _a(NLR Aleph) 008387978 | ||
| 090 |
_a9159301 _c9159301 |
||
| 100 | _a20130416d1959 |||y0rusy50 ca | ||
| 101 | 0 | _arus | |
| 102 | _aRU | ||
| 105 | _aa z |||a| | ||
| 200 | 1 |
_aПро зайчат и волчат _e[Стихи _eДля дошкольного возраста] _fРис. В. Клюжева |
|
| 210 |
_aСаранск _cМордов. кн. изд-во _d1959 |
||
| 215 |
_a16 с. _cил. _d26 |
||
| 700 | 1 |
_7ca _8rus _aМихайлов _bА. _cдет. писатель _gАлексей _94960 _3RU\NLR\AUTH\7721899 |
|
| 702 | 1 |
_aКлюжев _bВ. _4440 |
|
| 801 | 0 |
_aRU _bNLR _gpsbo |
|
| 801 | 1 |
_aRU _bELAR _2rusmarc |
|
| 852 |
_aNLR _j59-7/2230 |
||
| 942 | _cBOOK | ||
| 980 | _aNB | ||